=LDR 00000nam 2200000 4500 =001 INLIS000000000035479 =005 20200207042640 =035 ##$$a 0010-061300000035479 =008 200207################g##########0#ind## =041 ##$$a Ind =082 ##$$a 005.437 =090 ##$$a 005.437, Jon b =245 1#$$a Belajar cepat windows server 2008 /$c V. Djong =850 ##$$a NBPNMAT =020 ##$$a 978-979-27-2259-8 =084 ##$$a 005.437 JON b =100 ##$$a Jong, V =260 ##$$a Jakarta :$b Elex media koputindo,$c 2008 =300 ##$$a xiii, 252 hlm : $b Ilus ; $c 14 x 21 cm =650 #4$$a Komputer-Program Window =990 ##$$a 0001/BPAP-NTB/2016 =990 ##$$a 21007670 =990 ##$$a 21007671 =990 ##$$a 21007670